00946cam a22002531 4500001001300000003000400013005001700017008004100034010001700075035001900092040004800111050002200159051002500181100005000206245010500256260004200361300007200403410004500475500003300520504002900553650004100582650002100623700004800644gs 08000381 DLC20260227111308.0780829s1908 dcuafb b f000 0 eng c ags 08000381  a(OCoLC)4174766 aU.S. Geol. Survey. LibrarycTxUdOCoLCdDLC00aQE75b.B9 no. 347 aTN24.A4bW8cCopy 2.1 aWright, F. E.q(Frederic Eugene),d1877-1953.14aThe Ketchikan and Wrangell mining districts, Alaska,cby Fred Eugene Wright and Charles Will Wright. aWashington,bGovt. Print Off.,c1908. a210, v p.billus., xii pl. (incl. maps, part fold.) diagrs.c24 cm.20aGeological Survey (U.S.).tBulletinv347 aThree folded maps in pocket. a"Literature": p. 14-15. 0aMines and mineral resourceszAlaska. 0aGeologyzAlaska.1 aWright, Charles Will,d1879-ejoint author.